[Event "Turniej Blitza na II Lidze Juniorów 2018"]
[Site "Szczyrk, Poland"]
[Date "????.??.??"]
[Round "8.23"]
[White "Matyszkiewicz, Wiktor"]
[Black "Partyka, Pawel"]
[Result "0-1"]
[TimeControl "3'+2\""]
[WhiteElo "1431"]
[BlackElo "1772"]

1. e4 {[%clk 00:03:03]} Nf6 {[%clk 00:03:03]} {[%emt 00:00:02]} 2. e5 {[%clk
00:03:03]} Nd5 {[%clk 00:03:05]} 3. d4 {[%clk 00:02:56]} {[%emt 00:00:10]} d6
{[%clk 00:03:06]} 4. Nf3 {[%clk 00:02:56]} {[%emt 00:00:02]} Bg4 {[%clk
00:03:07]} {[%emt 00:00:02]} 5. h3 {[%clk 00:02:18]} {[%emt 00:00:39]} Bh5
{[%clk 00:03:06]} {[%emt 00:00:04]} 6. Be2 {[%clk 00:01:56]} {[%emt 00:00:24]}
Nc6 {[%clk 00:03:06]} {[%emt 00:00:02]} 7. c4 {[%clk 00:01:49]} {[%emt
00:00:08]} Nb6 {[%clk 00:03:06]} {[%emt 00:00:02]} 8. g4 {[%clk 00:01:42]}
{[%emt 00:00:08]} Bg6 {[%clk 00:03:07]} {[%emt 00:00:02]} 9. exd6 {[%clk
00:01:23]} {[%emt 00:00:22]} exd6 {[%clk 00:03:08]} {[%emt 00:00:01]} 10. Nc3
{[%clk 00:01:23]} {[%emt 00:00:01]} Be7 {[%clk 00:02:56]} {[%emt 00:00:13]} 11.
Bf4 {[%clk 00:01:12]} {[%emt 00:00:14]} O-O {[%clk 00:02:57]} {[%emt 00:00:02]}
12. d5 {[%clk 00:01:10]} {[%emt 00:00:04]} Nb4 {[%clk 00:02:57]} {[%emt
00:00:02]} 13. Rc1 {[%clk 00:01:03]} {[%emt 00:00:08]} Bf6 {[%clk 00:02:35]}
{[%emt 00:00:24]} 14. O-O {[%clk 00:01:00]} {[%emt 00:00:05]} Bxc3 {[%clk
00:02:35]} {[%emt 00:00:02]} 15. bxc3 {[%clk 00:01:01]} {[%emt 00:00:02]} Nxa2
{[%clk 00:02:34]} {[%emt 00:00:02]} 16. Ra1 {[%clk 00:00:56]} {[%emt 00:00:07]}
Nxc3 {[%clk 00:02:34]} {[%emt 00:00:02]} 17. Qd2 {[%clk 00:00:54]} {[%emt
00:00:03]} Nxe2+ {[%clk 00:02:31]} {[%emt 00:00:06]} 18. Qxe2 {[%clk 00:00:55]}
{[%emt 00:00:02]} Re8 {[%clk 00:02:32]} 19. Qa2 {[%clk 00:00:49]} {[%emt
00:00:08]} Bd3 {[%clk 00:02:26]} {[%emt 00:00:08]} 20. Rfc1 {[%clk 00:00:40]}
{[%emt 00:00:10]} Re2 {[%clk 00:02:21]} {[%emt 00:00:08]} 21. Qb3 {[%clk
00:00:36]} {[%emt 00:00:05]} Bxc4 {[%clk 00:02:03]} {[%emt 00:00:20]} 22. Rxc4
{[%clk 00:00:36]} {[%emt 00:00:02]} Nxc4 {[%clk 00:02:03]} {[%emt 00:00:02]} 23.
Qxc4 {[%clk 00:00:37]} {[%emt 00:00:02]} Qe7 {[%clk 00:01:56]} {[%emt
00:00:08]} 24. Be3 {[%clk 00:00:38]} {[%emt 00:00:01]} Rxe3 25. fxe3 {[%clk
00:00:39]} Qxe3+ {[%clk 00:01:48]} 26. Kg2 {[%clk 00:00:40]} {[%emt 00:00:01]}
Qe7 {[%clk 00:01:23]} {[%emt 00:00:27]} 27. Re1 {[%clk 00:00:40]} Qd7 {[%clk
00:01:24]} {[%emt 00:00:01]} 28. Qb4 {[%clk 00:00:17]} {[%emt 00:00:25]} b6
{[%clk 00:01:21]} {[%emt 00:00:06]} 29. Qe4 {[%clk 00:00:14]} {[%emt 00:00:04]}
a5 {[%clk 00:01:16]} {[%emt 00:00:08]} 30. Ng5 {[%clk 00:00:09]} {[%emt
00:00:06]} g6 {[%clk 00:01:02]} {[%emt 00:00:17]} 31. Rf1 {[%clk 00:00:08]}
{[%emt 00:00:03]} Re8 {[%clk 00:00:53]} {[%emt 00:00:10]} 32. Qd3 {[%clk
00:00:03]} {[%emt 00:00:07]} Re7 {[%clk 00:00:47]} {[%emt 00:00:08]} 33. Rf2
{[%clk 00:00:04]} {[%emt 00:00:01]} c6 {[%clk 00:00:46]} {[%emt 00:00:04]} 34.
Qc3 {[%clk 00:00:00]} {[%emt 00:00:04]} 0-1

[Event "Turniej Blitza na II Lidze Juniorów 2018"]
[Site "Szczyrk, Poland"]
[Date "????.??.??"]
[Round "8.13"]
[White "Krasiewicz, Robert"]
[Black "Kawaler, Adam"]
[Result "1-0"]
[TimeControl "3'+2\""]
[WhiteElo "1842"]
[BlackElo "1602"]

1. c4 {[%clk 00:03:03]} c5 {[%clk 00:03:04]} 2. g3 {[%clk 00:03:04]} {[%emt
00:00:01]} g6 {[%clk 00:03:05]} 3. Bg2 {[%clk 00:03:05]} {[%emt 00:00:01]} Bg7
{[%clk 00:03:06]} 4. Nc3 {[%clk 00:03:06]} {[%emt 00:00:01]} Nc6 {[%clk
00:03:07]} {[%emt 00:00:01]} 5. d3 {[%clk 00:03:06]} {[%emt 00:00:02]} e6
{[%clk 00:03:09]} {[%emt 00:00:01]} 6. e4 {[%clk 00:03:06]} Nge7 {[%clk
00:03:09]} {[%emt 00:00:01]} 7. Be3 {[%clk 00:03:06]} {[%emt 00:00:03]} d6
{[%clk 00:02:49]} {[%emt 00:00:22]} 8. Nge2 {[%clk 00:03:05]} {[%emt 00:00:03]}
O-O {[%clk 00:02:49]} {[%emt 00:00:02]} 9. O-O {[%clk 00:03:05]} {[%emt
00:00:02]} f5 {[%clk 00:02:43]} {[%emt 00:00:08]} 10. Qd2 {[%clk 00:02:59]}
{[%emt 00:00:08]} Nd4 {[%clk 00:02:28]} {[%emt 00:00:17]} 11. Bh6 {[%clk
00:02:36]} {[%emt 00:00:25]} Nxe2+ {[%clk 00:02:09]} {[%emt 00:00:21]} 12. Nxe2
{[%clk 00:02:36]} {[%emt 00:00:02]} Bxh6 {[%clk 00:02:04]} {[%emt 00:00:07]} 13.
Qxh6 {[%clk 00:02:37]} {[%emt 00:00:02]} fxe4 {[%clk 00:01:51]} {[%emt
00:00:14]} 14. dxe4 {[%clk 00:02:27]} {[%emt 00:00:12]} Bd7 {[%clk 00:01:49]}
{[%emt 00:00:04]} 15. Rad1 {[%clk 00:02:20]} {[%emt 00:00:09]} Bc6 {[%clk
00:01:49]} {[%emt 00:00:02]} 16. Nf4 {[%clk 00:02:08]} {[%emt 00:00:14]} Qd7
{[%clk 00:01:16]} {[%emt 00:00:35]} 17. Bh3 {[%clk 00:01:59]} {[%emt 00:00:11]}
Rxf4 {[%clk 00:00:25]} {[%emt 00:00:54]} 18. Qxf4 {[%clk 00:01:54]} {[%emt
00:00:06]} Rd8 {[%clk 00:00:23]} {[%emt 00:00:04]} 19. Qf6 {[%clk 00:01:44]}
{[%emt 00:00:11]} Nf5 {[%clk 00:00:17]} {[%emt 00:00:09]} 20. exf5 {[%clk
00:01:40]} {[%emt 00:00:07]} exf5 {[%clk 00:00:17]} {[%emt 00:00:01]} 21. Bg2
{[%clk 00:01:34]} {[%emt 00:00:07]} Bxg2 {[%clk 00:00:07]} {[%emt 00:00:13]} 22.
Kxg2 {[%clk 00:01:35]} {[%emt 00:00:02]} Qc6+ {[%clk 00:00:07]} {[%emt
00:00:01]} 23. Kg1 {[%clk 00:01:36]} {[%emt 00:00:02]} 1-0

[Event "Turniej Blitza na II Lidze Juniorów 2018"]
[Site "Szczyrk, Poland"]
[Date "????.??.??"]
[Round "8.32"]
[White "Sidorczuk, Dominik"]
[Black "Oles, Martin"]
[Result "0-1"]
[TimeControl "3'+2\""]
[WhiteElo "1215"]
[BlackElo "1507"]

1. e4 {[%clk 00:03:03]} g6 {[%clk 00:03:02]} {[%emt 00:00:02]} 2. d4 {[%clk
00:03:03]} {[%emt 00:00:02]} Bg7 {[%clk 00:03:04]} 3. Nf3 {[%clk 00:03:04]}
{[%emt 00:00:01]} d6 {[%clk 00:03:05]} 4. Nc3 {[%clk 00:03:06]} {[%emt
00:00:01]} Nf6 {[%clk 00:03:06]} 5. Bg5 {[%clk 00:03:06]} {[%emt 00:00:02]} O-O
{[%clk 00:03:06]} {[%emt 00:00:01]} 6. Bc4 {[%clk 00:03:06]} {[%emt 00:00:02]}
Nbd7 {[%clk 00:03:07]} {[%emt 00:00:02]} 7. O-O {[%clk 00:03:07]} {[%emt
00:00:01]} h6 {[%clk 00:03:05]} {[%emt 00:00:04]} 8. Bh4 {[%clk 00:03:08]} g5
{[%clk 00:03:06]} {[%emt 00:00:01]} 9. Bg3 {[%clk 00:03:09]} c6 {[%clk
00:03:06]} {[%emt 00:00:02]} 10. e5 {[%clk 00:03:06]} {[%emt 00:00:05]} dxe5
{[%clk 00:02:59]} {[%emt 00:00:08]} 11. dxe5 {[%clk 00:03:07]} {[%emt
00:00:01]} Nh5 {[%clk 00:02:19]} {[%emt 00:00:43]} 12. e6 {[%clk 00:02:51]}
{[%emt 00:00:17]} fxe6 {[%clk 00:02:01]} {[%emt 00:00:20]} 13. Bxe6+ {[%emt
00:00:02]} Kh8 14. Qe2 {[%clk 00:02:49]} {[%emt 00:00:05]} Nxg3 {[%clk
00:01:52]} {[%emt 00:00:13]} 15. fxg3 {[%clk 00:02:51]} {[%emt 00:00:01]} Nf6
{[%clk 00:01:53]} 16. Rad1 {[%clk 00:02:48]} {[%emt 00:00:05]} Qb6+ {[%clk
00:01:44]} {[%emt 00:00:10]} 17. Kh1 {[%clk 00:02:47]} {[%emt 00:00:04]} Qxb2
{[%clk 00:01:36]} {[%emt 00:00:09]} 18. Ne5 {[%clk 00:02:30]} {[%emt 00:00:20]}
Qxc3 {[%clk 00:01:04]} {[%emt 00:00:34]} 19. Ng6+ {[%emt 00:00:01]} Kh7 {[%clk
00:01:05]} 20. Nxf8+ {[%clk 00:02:32]} {[%emt 00:00:01]} Bxf8 {[%clk 00:01:05]}
{[%emt 00:00:02]} 21. Rd8 {[%clk 00:02:24]} {[%emt 00:00:10]} Bxe6 {[%clk
00:00:50]} {[%emt 00:00:16]} 22. Rxa8 {[%clk 00:02:22]} {[%emt 00:00:05]} Bc4
{[%clk 00:00:40]} {[%emt 00:00:12]} 23. Qf2 {[%clk 00:02:21]} {[%emt 00:00:03]}
Bxf1 {[%clk 00:00:40]} {[%emt 00:00:02]} 24. Rxf8 {[%clk 00:02:18]} {[%emt
00:00:05]} Kg7 {[%clk 00:00:21]} {[%emt 00:00:21]} 25. Rb8 {[%clk 00:02:12]}
{[%emt 00:00:07]} Ba6 {[%clk 00:00:21]} {[%emt 00:00:02]} 26. Rd8 {[%clk
00:01:57]} {[%emt 00:00:17]} Qa1+ {[%clk 00:00:20]} {[%emt 00:00:03]} 27. Qg1
{[%clk 00:01:58]} {[%emt 00:00:02]} Qxg1+ {[%clk 00:00:19]} 28. Kxg1 {[%clk
00:02:00]} Nd5 {[%clk 00:00:16]} {[%emt 00:00:05]} 29. Rd7 {[%clk 00:02:01]}
Kf7 {[%clk 00:00:16]} {[%emt 00:00:02]} 30. Rd8 {[%clk 00:01:56]} {[%emt
00:00:06]} Nb4 {[%clk 00:00:15]} {[%emt 00:00:03]} 31. Ra8 {[%clk 00:01:53]}
{[%emt 00:00:04]} Nxc2 {[%clk 00:00:15]} {[%emt 00:00:04]} 32. Rxa7 {[%clk
00:01:54]} {[%emt 00:00:01]} Nb4 {[%clk 00:00:16]} 33. a3 {[%clk 00:01:55]}
{[%emt 00:00:02]} Nc2 {[%clk 00:00:17]} 34. a4 {[%clk 00:01:56]} Nd4 {[%clk
00:00:15]} {[%emt 00:00:04]} 35. Ra8 {[%clk 00:01:57]} c5 {[%clk 00:00:14]}
{[%emt 00:00:03]} 36. Rh8 {[%clk 00:01:56]} {[%emt 00:00:02]} Kg6 {[%clk
00:00:11]} {[%emt 00:00:06]} 37. Rg8+ {[%clk 00:01:54]} {[%emt 00:00:04]} Kf6
{[%clk 00:00:11]} {[%emt 00:00:03]} 38. Rh8 {[%clk 00:01:55]} {[%emt 00:00:01]}
Kg6 {[%clk 00:00:12]} 39. Rg8+ {[%clk 00:01:56]} {[%emt 00:00:02]} Kh7 {[%clk
00:00:11]} {[%emt 00:00:02]} 40. Re8 {[%clk 00:01:54]} {[%emt 00:00:05]} e6
{[%clk 00:00:12]} 41. Rc8 {[%clk 00:01:52]} {[%emt 00:00:04]} b6 {[%clk
00:00:07]} {[%emt 00:00:07]} 42. Rd8 {[%clk 00:01:49]} {[%emt 00:00:02]} Kg6
{[%clk 00:00:08]} {[%emt 00:00:04]} 43. Kf2 {[%clk 00:01:50]} Kf6 {[%clk
00:00:09]} {[%emt 00:00:01]} 44. Rh8 {[%clk 00:01:51]} {[%emt 00:00:01]} Ke5
{[%clk 00:00:09]} {[%emt 00:00:02]} 45. Rxh6 {[%clk 00:01:52]} {[%emt
00:00:01]} c4 {[%clk 00:00:10]} 46. Rh8 {[%clk 00:01:51]} {[%emt 00:00:02]} c3
{[%clk 00:00:11]} {[%emt 00:00:01]} 47. Rc8 {[%clk 00:01:52]} {[%emt 00:00:01]}
c2 {[%clk 00:00:08]} {[%emt 00:00:05]} 48. Rc7 {[%clk 00:01:52]} {[%emt
00:00:02]} Kd5 {[%clk 00:00:08]} {[%emt 00:00:02]} 49. Ke1 {[%clk 00:01:51]}
{[%emt 00:00:03]} Bc4 {[%clk 00:00:09]} {[%emt 00:00:02]} 50. Kd2 {[%clk
00:01:48]} {[%emt 00:00:05]} Bb3 {[%clk 00:00:07]} {[%emt 00:00:04]} 51. Rc8
{[%clk 00:01:40]} {[%emt 00:00:10]} Bxa4 {[%clk 00:00:05]} {[%emt 00:00:04]} 52.
Rc3 {[%clk 00:01:37]} {[%emt 00:00:04]} b5 {[%clk 00:00:06]} {[%emt 00:00:01]}
53. Rc8 {[%clk 00:01:37]} {[%emt 00:00:02]} b4 {[%clk 00:00:07]} {[%emt
00:00:01]} 54. Rb8 {[%clk 00:01:36]} {[%emt 00:00:03]} b3 {[%clk 00:00:08]}
{[%emt 00:00:01]} 55. Rb4 {[%clk 00:01:34]} {[%emt 00:00:04]} Bc6 {[%clk
00:00:09]} {[%emt 00:00:02]} 56. Rb6 {[%clk 00:01:31]} {[%emt 00:00:05]} Kc5
{[%clk 00:00:09]} {[%emt 00:00:02]} 57. Rb8 {[%clk 00:01:31]} Bb5 {[%clk
00:00:10]} {[%emt 00:00:01]} 58. Rc8+ {[%clk 00:01:32]} {[%emt 00:00:02]} Kb4
{[%clk 00:00:11]} {[%emt 00:00:01]} 59. Rd8 {[%clk 00:01:31]} {[%emt 00:00:03]}
b2 {[%clk 00:00:11]} {[%emt 00:00:02]} 60. Rxd4+ {[%clk 00:01:31]} {[%emt
00:00:02]} Kb3 {[%clk 00:00:11]} {[%emt 00:00:03]} 61. Rd8 {[%clk 00:01:20]}
{[%emt 00:00:12]} c1=Q+ {[%clk 00:00:10]} {[%emt 00:00:03]} 0-1

[Event "Turniej Blitza na II Lidze Juniorów 2018"]
[Site "Szczyrk, Poland"]
[Date "????.??.??"]
[Round "8.33"]
[White "Zdybel, Przemyslaw"]
[Black "Burdzicki, Jan"]
[Result "1-0"]
[TimeControl "3'+2\""]
[WhiteElo "1334"]
[BlackElo "1491"]

1. e4 {[%clk 00:03:02]} {[%emt 00:00:02]} e6 {[%clk 00:03:04]} {[%emt
00:00:01]} 2. f4 {[%clk 00:02:59]} {[%emt 00:00:05]} d5 {[%clk 00:03:01]}
{[%emt 00:00:05]} 3. e5 {[%clk 00:03:00]} {[%emt 00:00:01]} c5 {[%clk
00:03:01]} {[%emt 00:00:02]} 4. Nf3 {[%clk 00:03:01]} {[%emt 00:00:01]} Nc6
{[%clk 00:03:02]} {[%emt 00:00:01]} 5. c3 {[%clk 00:03:03]} {[%emt 00:00:01]}
Qb6 {[%clk 00:02:59]} {[%emt 00:00:04]} 6. Bd3 {[%clk 00:03:00]} {[%emt
00:00:04]} Bd7 {[%clk 00:02:53]} {[%emt 00:00:08]} 7. Bc2 {[%clk 00:03:01]}
{[%emt 00:00:01]} d4 {[%clk 00:02:49]} {[%emt 00:00:06]} 8. O-O {[%clk
00:02:50]} {[%emt 00:00:13]} d3 {[%clk 00:02:46]} {[%emt 00:00:05]} 9. Ba4
{[%clk 00:02:38]} {[%emt 00:00:14]} c4+ {[%clk 00:02:40]} {[%emt 00:00:08]} 10.
Kh1 {[%clk 00:02:39]} Nh6 {[%clk 00:02:28]} {[%emt 00:00:13]} 11. b3 {[%clk
00:02:29]} {[%emt 00:00:13]} Ng4 {[%clk 00:02:16]} {[%emt 00:00:14]} 12. Qe1
{[%clk 00:02:21]} {[%emt 00:00:10]} Bc5 {[%clk 00:02:15]} {[%emt 00:00:02]} 13.
h3 {[%clk 00:02:10]} {[%emt 00:00:13]} Nf2+ {[%clk 00:02:01]} {[%emt 00:00:16]}
14. Kh2 {[%clk 00:02:10]} {[%emt 00:00:02]} cxb3 {[%clk 00:02:02]} {[%emt
00:00:02]} 15. Bxb3 {[%clk 00:02:01]} {[%emt 00:00:12]} a5 {[%clk 00:01:58]}
{[%emt 00:00:06]} 16. Na3 {[%clk 00:01:53]} {[%emt 00:00:09]} a4 {[%clk
00:01:52]} {[%emt 00:00:08]} 17. Bc4 {[%clk 00:01:53]} {[%emt 00:00:02]} Na5
{[%emt 00:00:08]} 18. Rb1 {[%clk 00:01:51]} {[%emt 00:00:03]} Qa7 {[%clk
00:01:44]} {[%emt 00:00:05]} 19. Bb5 {[%clk 00:01:47]} {[%emt 00:00:06]} Rd8
{[%clk 00:01:32]} {[%emt 00:00:13]} 20. Bxd7+ {[%clk 00:01:38]} Rxd7 {[%clk
00:01:34]} 21. Nb5 {[%clk 00:01:37]} {[%emt 00:00:05]} Qb6 {[%clk 00:01:05]}
{[%emt 00:00:31]} 22. Nd6+ {[%clk 00:01:30]} {[%emt 00:00:09]} Rxd6 {[%clk
00:01:04]} {[%emt 00:00:03]} 23. Rxb6 {[%clk 00:01:30]} {[%emt 00:00:02]} Rxb6
{[%clk 00:01:05]} {[%emt 00:00:01]} 24. Rxf2 {[%clk 00:01:29]} {[%emt
00:00:03]} Bxf2 {[%clk 00:01:06]} 25. Qxf2 {[%clk 00:01:30]} {[%emt 00:00:01]}
Nc4 {[%clk 00:01:03]} {[%emt 00:00:06]} 26. Qc5 {[%clk 00:01:25]} {[%emt
00:00:06]} Rc6 {[%clk 00:01:02]} {[%emt 00:00:03]} 27. Qb5 {[%clk 00:01:21]}
{[%emt 00:00:06]} O-O {[%clk 00:00:54]} {[%emt 00:00:10]} 28. Nd4 {[%clk
00:01:22]} {[%emt 00:00:01]} Rcc8 {[%clk 00:00:48]} {[%emt 00:00:08]} 29. Qxa4
{[%clk 00:01:20]} {[%emt 00:00:04]} Nb6 {[%clk 00:00:46]} {[%emt 00:00:05]} 30.
Qb5 {[%clk 00:01:18]} {[%emt 00:00:04]} Nd5 {[%clk 00:00:46]} {[%emt 00:00:02]}
31. Ba3 {[%clk 00:01:13]} {[%emt 00:00:07]} Rfd8 {[%clk 00:00:41]} {[%emt
00:00:06]} 32. Kg3 {[%clk 00:00:56]} {[%emt 00:00:19]} Ra8 {[%clk 00:00:40]}
{[%emt 00:00:04]} 33. Qb3 {[%clk 00:00:51]} {[%emt 00:00:06]} Rdb8 {[%clk
00:00:31]} {[%emt 00:00:11]} 34. Bd6 {[%clk 00:00:51]} {[%emt 00:00:03]} Rc8
{[%clk 00:00:29]} {[%emt 00:00:04]} 35. a3 {[%clk 00:00:51]} {[%emt 00:00:03]}
b6 {[%clk 00:00:29]} {[%emt 00:00:02]} 36. Nb5 {[%clk 00:00:40]} {[%emt
00:00:12]} Re8 {[%clk 00:00:13]} {[%emt 00:00:18]} 37. Nc7 {[%clk 00:00:35]}
{[%emt 00:00:07]} Nxc7 {[%clk 00:00:14]} {[%emt 00:00:02]} 38. Bxc7 {[%clk
00:00:35]} {[%emt 00:00:01]} Rec8 {[%clk 00:00:15]} 39. Bd6 {[%clk 00:00:34]}
{[%emt 00:00:03]} Ra6 {[%emt 00:00:04]} 40. Qb5 {[%clk 00:00:33]} {[%emt
00:00:02]} Rca8 {[%clk 00:00:14]} {[%emt 00:00:01]} 41. Kf3 {[%clk 00:00:34]}
{[%emt 00:00:02]} h6 {[%clk 00:00:15]} {[%emt 00:00:01]} 42. Ke3 {[%clk
00:00:35]} Rxa3 {[%clk 00:00:15]} {[%emt 00:00:02]} 43. Bxa3 {[%clk 00:00:36]}
Rxa3 {[%clk 00:00:17]} 44. Qxb6 {[%clk 00:00:35]} {[%emt 00:00:02]} Ra8 {[%clk
00:00:18]} {[%emt 00:00:01]} 45. Qd4 {[%clk 00:00:36]} {[%emt 00:00:02]} Kf8
{[%clk 00:00:18]} {[%emt 00:00:02]} 46. Qxd3 {[%clk 00:00:36]} {[%emt
00:00:01]} Ke7 {[%clk 00:00:17]} {[%emt 00:00:02]} 47. Qd6+ {[%clk 00:00:38]}
{[%emt 00:00:01]} Ke8 {[%clk 00:00:18]} {[%emt 00:00:01]} 48. Qc6+ {[%clk
00:00:39]} 1-0

[Event "Turniej Blitza na II Lidze Juniorów 2018"]
[Site "Szczyrk, Poland"]
[Date "????.??.??"]
[Round "8.26"]
[White "Wiszniewski, Szymon"]
[Black "Pedrak, Paulina"]
[Result "0-1"]
[TimeControl "3'+2\""]
[WhiteElo "1391"]
[BlackElo "1596"]

1. e4 {[%clk 00:03:04]} c5 {[%clk 00:03:03]} {[%emt 00:00:01]} 2. Nf3 {[%clk
00:03:05]} e6 {[%clk 00:03:03]} 3. d3 {[%clk 00:03:07]} d5 {[%clk 00:03:04]}
{[%emt 00:00:02]} 4. Nbd2 {[%clk 00:03:07]} {[%emt 00:00:02]} Nc6 {[%clk
00:02:56]} {[%emt 00:00:09]} 5. g3 {[%clk 00:03:08]} Bd6 {[%clk 00:02:29]}
{[%emt 00:00:29]} 6. Bg2 {[%clk 00:03:09]} {[%emt 00:00:02]} Nf6 {[%clk
00:02:29]} {[%emt 00:00:02]} 7. O-O {[%clk 00:03:09]} {[%emt 00:00:02]} O-O
{[%clk 00:02:10]} {[%emt 00:00:21]} 8. Re1 {[%clk 00:03:10]} {[%emt 00:00:01]}
Qc7 {[%clk 00:02:08]} {[%emt 00:00:04]} 9. Nf1 {[%clk 00:03:11]} {[%emt
00:00:01]} Rd8 {[%clk 00:01:50]} {[%emt 00:00:19]} 10. e5 {[%clk 00:02:35]}
{[%emt 00:00:39]} Nxe5 {[%clk 00:01:40]} {[%emt 00:00:11]} 11. Nxe5 {[%clk
00:02:36]} {[%emt 00:00:02]} Bxe5 {[%clk 00:01:40]} {[%emt 00:00:01]} 12. Rxe5
{[%clk 00:02:34]} {[%emt 00:00:05]} Qxe5 {[%clk 00:01:38]} {[%emt 00:00:03]} 13.
Bf4 {[%clk 00:02:35]} Qxb2 {[%clk 00:01:31]} {[%emt 00:00:09]} 14. Rb1 {[%clk
00:02:31]} {[%emt 00:00:06]} Qxa2 {[%clk 00:01:22]} {[%emt 00:00:12]} 15. Bg5
{[%clk 00:02:30]} {[%emt 00:00:03]} Qa4 {[%clk 00:00:59]} {[%emt 00:00:23]} 16.
f4 {[%clk 00:02:11]} {[%emt 00:00:23]} Qd4+ {[%clk 00:00:56]} {[%emt 00:00:05]}
17. Kh1 {[%clk 00:02:11]} {[%emt 00:00:02]} h6 {[%clk 00:00:51]} {[%emt
00:00:07]} 18. Bh4 {[%clk 00:02:04]} {[%emt 00:00:09]} e5 {[%clk 00:00:44]}
{[%emt 00:00:09]} 19. c3 {[%clk 00:01:55]} {[%emt 00:00:11]} Qxc3 {[%clk
00:00:32]} {[%emt 00:00:13]} 20. Rb3 {[%clk 00:01:56]} {[%emt 00:00:02]} Qd4
{[%clk 00:00:29]} {[%emt 00:00:04]} 21. Nd2 {[%clk 00:01:52]} {[%emt 00:00:06]}
Ng4 {[%clk 00:00:17]} {[%emt 00:00:15]} 22. Nf3 {[%clk 00:01:23]} {[%emt
00:00:30]} Nf2+ {[%clk 00:00:11]} {[%emt 00:00:08]} 23. Kg1 {[%clk 00:01:25]}
Nxd1+ {[%clk 00:00:12]} {[%emt 00:00:02]} 24. Nxd4 {[%clk 00:01:26]} {[%emt
00:00:01]} Rd7 {[%clk 00:00:07]} {[%emt 00:00:07]} 25. Nf5 {[%clk 00:01:23]}
{[%emt 00:00:05]} Ne3 {[%clk 00:00:04]} {[%emt 00:00:05]} 26. Nxe3 {[%clk
00:01:13]} {[%emt 00:00:12]} d4 {[%clk 00:00:03]} {[%emt 00:00:03]} 27. Nd5
{[%clk 00:01:11]} {[%emt 00:00:04]} f6 {[%clk 00:00:04]} {[%emt 00:00:01]} 28.
fxe5 {[%clk 00:01:05]} {[%emt 00:00:08]} fxe5 {[%clk 00:00:05]} 29. Ne7+ {[%clk
00:01:05]} {[%emt 00:00:02]} Kh8 {[%clk 00:00:06]} {[%emt 00:00:01]} 30. Ng6+
{[%clk 00:01:03]} {[%emt 00:00:04]} Kg8 {[%clk 00:00:06]} {[%emt 00:00:02]} 31.
Ne7+ {[%clk 00:01:00]} {[%emt 00:00:05]} Kf8 {[%clk 00:00:06]} {[%emt
00:00:02]} 32. Ng6+ {[%clk 00:00:57]} {[%emt 00:00:04]} Kf7 {[%clk 00:00:07]}
{[%emt 00:00:02]} 33. Nxe5+ {[%clk 00:00:58]} {[%emt 00:00:01]} Ke8 {[%clk
00:00:08]} 34. Nxd7 {[%clk 00:00:57]} {[%emt 00:00:03]} Kxd7 {[%clk 00:00:09]}
35. Bh3+ {[%clk 00:00:57]} {[%emt 00:00:03]} Kc7 {[%clk 00:00:10]} 36. Bxc8
{[%clk 00:00:53]} {[%emt 00:00:05]} Kxc8 {[%clk 00:00:12]} {[%emt 00:00:01]} 37.
Rb5 {[%clk 00:00:53]} {[%emt 00:00:02]} b6 {[%clk 00:00:12]} {[%emt 00:00:02]}
38. Rb1 {[%clk 00:00:54]} Kd7 {[%clk 00:00:13]} {[%emt 00:00:01]} 39. Re1
{[%clk 00:00:55]} Re8 {[%clk 00:00:11]} {[%emt 00:00:04]} 40. Rf1 {[%clk
00:00:45]} {[%emt 00:00:12]} g5 {[%clk 00:00:06]} {[%emt 00:00:06]} 41. Rf7+
{[%emt 00:00:04]} Re7 42. Rf1 {[%clk 00:00:25]} {[%emt 00:00:20]} gxh4 {[%clk
00:00:09]} 43. gxh4 a5 {[%clk 00:00:10]} 44. Rb1 {[%clk 00:00:28]} Kc6 {[%clk
00:00:11]} 45. Kg2 {[%clk 00:00:29]} {[%emt 00:00:02]} Re3 {[%clk 00:00:12]} 46.
Kf2 {[%clk 00:00:29]} {[%emt 00:00:01]} 0-1